| 000 | 00000nam##2200000za#4500 |
| 001 | 9.694509 |
| 003 | CaOODSP |
| 005 | 20210624234142 |
| 007 | cr ||||||||||| |
| 008 | 150407|1998||||xxc|||||o f|0| 0 eng|d |
| 040 | |aCaOODSP|beng |
| 043 | |an-cn--- |
| 086 | 1 |aNH15-457/1998E-PDF |
| 110 | 2 |aCanada Mortgage and Housing Corporation. |
| 245 | 10|aInsulated slab-on-grade foundations : |h[electronic resource]|ba design guide for rural, northern and First Nations housing |
| 260 | |aOttawa - Ontario : |bCanada Mortgage and Housing Corporation |c[1998?]. |
| 300 | |a23p.|bfigs., references, tables |
| 590 | |a11-27-Supp|b2011-11-15 |
| 690 | 07|aConcrete|2gcpds |
| 690 | 07|aConstruction|2gcpds |
| 690 | 07|aInsulation|2gcpds |
| 710 | 2 |aOntario First Nations Technical Service Corporation. |
| 856 | 40|ahttp://publications.gc.ca|qPDF|s4.57 MB|uhttps://publications.gc.ca/collections/collection_2011/schl-cmhc/NH15-457-1998-eng.pdf |